| 000 | 01109nam a2200289 i 4500 | ||
|---|---|---|---|
| 003 | DO-SdBNP | ||
| 005 | 20250513105517.0 | ||
| 007 | ta | ||
| 008 | 230613e2021 dr a|||b |||| 00| 1 spa d | ||
| 020 | _a9789945808087 | ||
| 040 |
_aDO-SdBNP _bspa _cBNPHU _erda |
||
| 041 | _aspa | ||
| 082 | 4 |
_axxx _bS236m _222 |
|
| 100 | 1 |
_aSantis, Geraldine de, _eautor _4aut. _943394 |
|
| 245 | 1 | 0 |
_aMil estrellas fugaces / _cGéraldine de Santis ; cubierta, Nathalie Ramírez ; revisión y corrección, Ruth Herrera ; diagramación y diseño, María Renata de Santis ; revisión histórica, Rosanna Vargas Rivera. |
| 250 | _aPrimera edición | ||
| 264 | 4 |
_aSanto Domingo : _bTe Reto a Leer, _c©2021 |
|
| 300 |
_a122 páginas : _bIlustraciones ; _c18 cm |
||
| 336 |
_atexto _btxt _2rdacontent |
||
| 337 |
_asin mediación _bn _2rdamedia |
||
| 338 |
_avolumen _bnc _2rdacarrier |
||
| 590 | _aInventariado 2023 / MF | ||
| 700 | 1 |
_aRamírez, Nathalie, _eilustrador _4il. _935021 |
|
| 700 | 1 |
_aHerrera Montero, Ruth, _ecorrector _4corr. _987734 |
|
| 700 | 1 |
_aVargas Rivera, Rosanna _erevisión _4rev. _976029 |
|
| 942 |
_2ddc _cLBS1 |
||
| 999 |
_c53809 _d53809 |
||